ბათუმის შოთა რუსთაველის სახელმწიფო უნივერსიტეტის ბიბლიოთეკა

ერთი პატარა მანანა (ბიბ.ჩანაწერი № 48767)

000 -LEADER
fixed length control field 00764nam a2200217Ia 4500
001 - CONTROL NUMBER
control field 15668
003 - CONTROL NUMBER IDENTIFIER
control field GE_BSU
008 - FIXED-LENGTH DATA ELEMENTS--GENERAL INFORMATION
fixed length control field 181216s||||||||xx |||||||||||||| ||und||
040 ## - CATALOGING SOURCE
Transcribing agency GE_BSU
080 ## - UNIVERSAL DECIMAL CLASSIFICATION NUMBER
Universal Decimal Classification number 82-93
100 ## - MAIN ENTRY--PERSONAL NAME
Personal name ძნელაძე, ვახტანგ
245 ## - TITLE STATEMENT
Title ერთი პატარა მანანა
245 ## - TITLE STATEMENT
Remainder of title ლექსები და პოემები უმცრ. სასკოლო ასაკის ბავშვთათვის
260 ## - PUBLICATION, DISTRIBUTION, ETC.
Place of publication, distribution, etc. თბილისი
260 ## - PUBLICATION, DISTRIBUTION, ETC.
Name of publisher, distributor, etc. ნაკადული
260 ## - PUBLICATION, DISTRIBUTION, ETC.
Date of publication, distribution, etc. 1969
300 ## - PHYSICAL DESCRIPTION
Extent 91გვ. ; 20სმ
653 ## - INDEX TERM--UNCONTROLLED
Uncontrolled term ერთი პატარა მანანა
653 ## - INDEX TERM--UNCONTROLLED
Uncontrolled term ლექსები და პოემები
942 ## - ADDED ENTRY ELEMENTS (KOHA)
Koha item type წიგნი
ეგზემპლარები
Withdrawn status Lost status Damaged status Not for loan Date acquired Barcode Date last seen Price effective from Koha item type
        2018-12-17 38715 2018-12-17 2018-12-17 წიგნი
        2018-12-17 38716 2018-12-17 2018-12-17 წიგნი
        2018-12-17 38717 2018-12-17 2018-12-17 წიგნი